IFM Opac

A guide to the law affecting mental patients (Record no. 16410)

MARC details
000 -LEADER
fixed length control field 00394nam a22001457a 4500
020 ## - INTERNATIONAL STANDARD BOOK NUMBER
International Standard Book Number 0406405999
082 ## - DEWEY DECIMAL CLASSIFICATION NUMBER
Classification number 346.42013VEN.
100 ## - MAIN ENTRY--PERSONAL NAME
Personal name H.D.S Venables.
245 ## - TITLE STATEMENT
Title A guide to the law affecting mental patients
260 ## - PUBLICATION, DISTRIBUTION, ETC.
Place of publication, distribution, etc. london
Name of publisher, distributor, etc. Butterworths
Date of publication, distribution, etc. 1975
300 ## - PHYSICAL DESCRIPTION
Extent xxi,155p.
Other physical details ill,21cm
500 ## - GENERAL NOTE
General note Include index
650 ## - SUBJECT ADDED ENTRY--TOPICAL TERM
Topical term or geographic name entry element A guide to the law affecting mental patients
942 ## - ADDED ENTRY ELEMENTS (KOHA)
Koha item type Books
Holdings
Withdrawn status Lost status Source of classification or shelving scheme Damaged status Not for loan Home library Current library Shelving location Date acquired Full call number Barcode Date last seen Price effective from Koha item type
    Dewey Decimal Classification     IFM Main Campus Library IFM Main Campus Library   09/09/2016 346.42013VEN. 0000008443 09/09/2016 09/09/2016 Books